000 00335nab a22001097u 4500
008 130520b1981 xxu||||| |||| 00| 0 spa d
041 _aspa
100 1 _aFolliard, D.
_967197
245 0 0 _aLa reforma carolingia: A la unidad por la uniformidad
_cD. Folliard
773 0 _tConcilium
_gV.2,1981,págs.72-79
_x0210-1041
_wRev134
942 _cAR
999 _c354734
_d354734